000 00541nam a22001817a 4500
008 150529b xxu||||| |||| 00| 0 eng d
020 _a0070356629 :
041 0 _aeng
080 _a338
100 1 _aKuriloff, Arthur H.
245 1 0 _aStarting and managing the small business /
_cArthur H. Kuriloff, John M. Hemphill, Jr.
260 _aNew York :
_bMcGraw-Hill,
_cc1983.
300 _a592, [48] f. :
_bme il.;
_c25 cm.
500 _aPreface: f.11-16
650 0 _aNdërmarrjet e vogla
700 1 _aHemphill, John Mearl,
942 _2udc
_cBK
999 _c925
_d925